Estudios de derecho civil: código y dogmática en el sesquincentenario de la promulgación del Código Civil: (I) Jornadas Nacionales de Derecho Civil, Valdivia, abril de 2005
Gardado en:
| Autor Principal: | |
|---|---|
| Outros autores: | |
| Formato: | Libro |
| Idioma: | Lingua castelá |
| Publicado: |
Santiago
LexisNexis
2005
|
| Edición: | 1a. ed |
| Subjects: | |
| Tags: |
Engadir etiqueta
Sen Etiquetas, Sexa o primeiro en etiquetar este rexistro!
|
MARC
| LEADER | 00000nam a2200000 a 4500 | ||
|---|---|---|---|
| 001 | UCJ1340 | ||
| 003 | CL-VaPUC | ||
| 005 | 20230904105352.0 | ||
| 008 | 061013e20050000cl 1 spa d | ||
| 999 | |c 384203 |d 384201 | ||
| 020 | |a 9562386015 | ||
| 040 | |c Pontificia Universidad Católica de Valparaíso | ||
| 082 | 0 | 4 | |a 346.83 |b VAR |2 21 |
| 100 | 1 | |a Varas Braun, Juan Andrés |e coordinador |9 620885 | |
| 245 | 1 | 0 | |a Estudios de derecho civil: código y dogmática en el sesquincentenario de la promulgación del Código Civil: |b (I) Jornadas Nacionales de Derecho Civil, Valdivia, abril de 2005 |
| 250 | |a 1a. ed | ||
| 260 | |a Santiago |b LexisNexis |c 2005 | ||
| 300 | |a 774 p | ||
| 505 | |a Apertura Conferencia Inaugural Justicia y eficiencia como fines del derecho privado patrimonial / Enrique Barros Bourie Negocio jurídico, contratos y derechos reales Contrato de ejecución de obra a suma alzada: ¿cuál es la vigencia y real aplicación del supuesto de invariabilidad que se contiene en el Art. 2003 C. C.? / Laura Elvira Albornoz Pollmann La inexistencia de los actos jurídicos: algunas consideraciones dogmáticas / Jorge Baraona González La influencia del Code Civil y del derecho alemán en el sistema patrimonial chileno: sistema de derechos reales y personales (primera parte) / Rodrigo Barcia Lehmann Autonomía del equivalente pecuniario o su integración dentro de la indemnización de daños y perjuicios / Luis Bustamante Salazar El silencio de los inocentes: hacia una caracterización del deber de informar en sede precontractual / Iñigo de la Maza Gazmuri Concurrencia sobreviniente de las calidades de acreedor o de deudor de una misma obligación en una misma persona / Alejandro Guzmán Brito La interpretación del contrato y la buena fe / Christian Johow Santoro Propiedad y cosas incorporales, derechos protegidos constitucionalmente a través de este derecho real / Gonzalo Linazasoro Campos Acerca del error, su excusabilidad y otros tópicos / María Dora Martinic Galetovic, Ricardo Reveco Urzúa El derecho de retracto en los contratos de consumo / Rodrigo Momberg Uribe La excepción por incumplimiento contractual en el derecho civil chileno / Carlos Pizarro Wilson Disciplina común de los contratos entre partes relacionadas / María Sara Rodríguez Pinto Sobre la posibilidad de pactar que una obligación tenga el carácter de subordinada en el derecho chileno / José Joaquín Ugarte Godoy Derecho de la persona y de familia La recepción del matrimonio canónico en el derecho civil chileno / Anastasia Assimakópulos Figueroa El artículo 78 del Código Civil y la "muerte encefálica" de la Ley No. 19.451 / Hernán Corral Talciani El pacto de convivencia: una alternativa al pacto de matrimonio / Gonzalo Figueroa Yánez Sida y sus principales desafíos jurídicos en el derecho de familia chileno / Pía M. Moscoso Restovic Legitimación pasiva de los herederos en un juicio de reclamación de filiación / René Ramos Pazos Las circunstancias del Artículo 62 de la nueva Ley de Matrimonio Civil: naturaleza y función / Susan Turner Saelzer La privacidad como bien jurídico / Verónica Undurraga Valdés Responsabilidad extracontractual Reflexiones sobre la teoría de la imputación objetiva y su aplicabilidad en el ámbito del derecho de daños / Hugo Cárdenas Villarreal Víctimas directas y por repercusión en la responsabilidad civil derivada de accidentes del trabajo o enfermedades profesionales en nuestra jurisprudencia reciente: del problema de la competencia a las distorsiones sustanciales / José Luis Diez Schwerter Algunas consideraciones en torno la función de la responsabilidad civil en Chile / Carmen Domínguez Hidalgo Por la intransmisibilidad de la acción de daño moral / Ramón Domínguez Aguila Algunas consideraciones sobre la pena privada y los daños punitivos en el derecho civil chileno / Francisco Segura Riveiro Reformulación del concepto de responsabilidad jurídica. Heteronomía más allá de la razón práctica / Jorge Ulloa Plaza La responsabilidad civil del Obispo por los hechos de sus clérigos / Juan Andrés Váras Braun Imputación objetiva y responsabilidad civil / Loretto Vénegas Franzolini Responsabilidad civil de los directores de sociedades anónimas. Bases para la construcción de un sistema unitario / Álvaro Vidal Olivares | ||
| 518 | |p Jornadas Nacionales de Derecho Civil, 1, Valdivia, Abril de 2005 | ||
| 536 | |a Universidad Austral de Chile | ||
| 546 | |a En Español | ||
| 583 | |a last modification |c 20190826 10:19:30 |k Rodrigo Vera | ||
| 650 | 0 | 0 | |a Derecho civil |9 255013 |
| 650 | 0 | 0 | |a Código civil |z CHILE |9 256135 |
| 700 | 1 | |a Turner Saelzer, Susan |e coordinador |9 620886 | |
| 852 | |a BIBCUR | ||
| 942 | |c BK |2 ddc | ||
| 945 | |a jtorresc |d 20061013 00:00:00 | ||
| 952 | |0 0 |1 0 |4 0 |6 346_830000000000000_VAR_2005 |7 0 |8 A |9 506809 |a BIBDER |b BIBDER |d 2020-01-23 |i 4287258 |l 6 |o 346.83 VAR 2005 |p 4287258 |r 2024-10-11 |s 2024-10-11 |w 2020-01-23 |y BK |k DER | ||